00449nam a22001571a 4500020002100000040002600021050002000047245005300067260005000120300001700170500001500187600004500202600003800247852000300285852000300288 a9966480415c0.00 aNEGST Library - Kenya aBS 325.T35 1990 aIlaghano iwishi kwa Kidawida cha Ngelo ih[Text] aNairobi, KenyabBible Society of Kenyacc1990 avii, 459 p.; a[Africana] aBible. N. T. Taita (Kidawida) language - aTaita (Kidawida) language - Texts